000 00469nam a2200193Ia 4500
005 20241216010901.0
008 190212s9999||||xx |||||||||||||| ||und||
082 _a610
_bA63
100 _aAPUNTES MÉDICOS DEL PERÚ
245 0 _aEXAMEN NACIONAL DE ENFERMERIA (ENAE)
250 _a1
260 _aPERÚ
_bAMP
_c2015
300 _a374 pag
_c17 cm
341 _h0
490 _v0
_a0
541 _d26-Oct-18
_oSoles
650 _aCIENCIAS APLICADAS
942 _cLIBRO
999 _c26692
_d26692